Primary processing of rubber wood in Kerala: Report of a sample survey (Record no. 51902)

MARC details
000 -LEADER
fixed length control field 00438nam a2200169Ia 4500
100 ## - MAIN ENTRY--AUTHOR NAME
Personal name Joseph T.[a]
245 #0 - TITLE STATEMENT
Title Primary processing of rubber wood in Kerala: Report of a sample survey
260 ## - PUBLICATION, DISTRIBUTION, ETC. (IMPRINT)
Name of publisher Wood News
Year of publication 1996
300 ## - PHYSICAL DESCRIPTION
Number of Pages 39-43
650 ## - SUBJECT ADDED ENTRY--TOPICAL TERM
Topical Term Kerala
650 ## - SUBJECT ADDED ENTRY--TOPICAL TERM
Topical Term Primary processing
650 ## - SUBJECT ADDED ENTRY--TOPICAL TERM
Topical Term Rubber wood
650 ## - SUBJECT ADDED ENTRY--TOPICAL TERM
Topical Term Sawmilling
700 ## - ADDED ENTRY--PERSONAL NAME
Personal name George K.T.
942 ## - ADDED ENTRY ELEMENTS (KOHA)
Koha item type Bibliography STAF
Holdings
Withdrawn status Lost status Damaged status Not for loan Home library Current library Date acquired Serial Enumeration / chronology Koha item type
      Bibliography RRII Library RRII Library 09/04/2014 Volume 5, Issue 4 Bibliography STAF